| 000 | 00732nam a2200205Ii 4500 | ||
|---|---|---|---|
| 003 | JO-AjNU | ||
| 008 | 230605s9999||||xx |||||||||||||| ||und|| | ||
| 040 |
_aJO-AjNU _bara _erda _cJO-AjNU |
||
| 041 | _aara | ||
| 050 | 1 | 4 | _aP93.M8364 1983 |
| 100 | 3 |
_aعبد الحميد,محمد تأليف, _eauthor _910574 |
|
| 245 | 0 | 0 | _aتحليل المحتوى في بحوث الاعلام |
| 250 | _aط1 | ||
| 264 | 3 | 1 | _aجدة:دار الشروق للنشر والتوزيع والطباعة,1983 |
| 300 | _a270ص | ||
| 336 |
_atext _btxt _2rdacontent |
||
| 337 |
_aunmediated _bn _2rdamedia |
||
| 338 |
_avolume _bnc _2rdacarrier |
||
| 650 | 4 |
_aتحليل المحتوى-تحليل المحتوى في البحوث والاعلام _910575 |
|
| 999 |
_aA1874 _c5442 _d5442 |
||